Un tal evo: biografía no autorizada
সংরক্ষণ করুন:
| প্রধান লেখক: | , |
|---|---|
| বিন্যাস: | গ্রন্থ |
| ভাষা: | স্প্যানিশ |
| প্রকাশিত: |
Santa Cruz de la Sierra
El País
2007
|
| সংস্করন: | 1a. ed |
| বিষয়গুলি: | |
| ট্যাগগুলো: |
ট্যাগ যুক্ত করুন
কোনো ট্যাগ নেই, প্রথমজন হিসাবে ট্যাগ করুন!
|
MARC
| LEADER | 00000nam a2200000 a 4500 | ||
|---|---|---|---|
| 001 | UCI2908 | ||
| 003 | CL-VaPUC | ||
| 008 | 070928e20070000BO |||||||||||||||||spa|d | ||
| 020 | |a 9789990571554 | ||
| 082 | 0 | 4 | |a 923.184 |b PIN |2 21 |
| 100 | 0 | |a Pinto, Darwin |e author |9 524151 | |
| 700 | 0 | |a Navia, Roberto |e author |9 524152 | |
| 245 | 1 | 3 | |a Un tal evo: biografía no autorizada |
| 250 | |a 1a. ed | ||
| 300 | |a 289 p | ||
| 942 | |c BK | ||
| 945 | |d 20070928 00:00:00 |a jtorresc | ||
| 260 | |a Santa Cruz de la Sierra |b El País |c 2007 | ||
| 600 | 0 | 7 | |a MORALES AYMA, EVO |2 CL-VaPUC |9 524153 |
| 650 | 0 | |a Biografías |9 255210 | |
| 650 | 7 | |a PRESIDENTE |2 CL-VaPUC |9 370857 | |
| 650 | 0 | |a Política y gobierno |9 255151 | |
| 651 | 0 | |a Bolivia |9 255454 | |
| 583 | |a last modification |c 20070928 00:00:00 |k Rodrigo Vera | ||
| 999 | |c 327321 |d 327319 | ||
| 952 | |0 0 |1 0 |4 0 |6 923_184000000000000_PIN_2007 |7 0 |8 A |9 410020 |a BIBHIS |b BIBHIS |d 2019-11-22 |i 4371976 |o 923.184 PIN 2007 |p 4371976 |r 2025-01-20 |w 2019-11-22 |y BK |k HIS | ||